| 000 | 02106cam a2200337 i 4500 | ||
|---|---|---|---|
| 003 | SA-RiAUC | ||
| 005 | 20241030093936.0 | ||
| 008 | 241030s2009 ts g f001 0 ara c | ||
| 024 | 0 | _a00000000827636 | |
| 024 | 0 | _a00000000829343 | |
| 040 |
_aAE-DuMBRL _bara _cSA-RiAUC _erda |
||
| 050 | 4 | _b.H36 2009 | |
| 082 | 0 | 4 |
_a229.2 _qSA-RiAUC |
| 090 |
_a229.2 _bح م ا |
||
| 100 | 1 |
_aحمادة، فاروق، _d1949- _eمؤلف. |
|
| 245 | 1 | 2 |
_aالصحيح في فضائل القرآن وسوره وآياته / _cتأليف الأستاذ الدكتور فاروق حمادة. |
| 250 | _aالطبعة الأولى. | ||
| 264 | 1 |
_aدبي، الإمارات العربية المتحدة : _bجائزة دبي الدولية للقرآن الكريم، _c2009. |
|
| 300 |
_a319 صفحة ؛ _c25 × 18 سم. |
||
| 336 |
_aنص _btxt _2rdacontent _3كتاب |
||
| 337 |
_aبدون وسيط _bn _2rdamedia |
||
| 338 |
_aمجلد _bnc _2rdacarrier |
||
| 490 | 0 | _a سلسلة الدراسات القرآنية | |
| 500 | _aيشتمل على كشافات. | ||
| 520 | _aلقد كان القرآن الكريم على الدوام محور فكرة الأمة، ومنطلق نظرتها إلى الدنيا والحياة، وهو منطلق حياة الصحابة والهدي النبوي مناط تفكيرهم، ومسرح أبصارهم وأنظارهم في تفهم هذا الكتاب الكريم، والنبي صلى الله عليه وسلم أعلم الناس بربه، وأعلم الناس بدلالات كتابه وآياته، وغايات نزوله، ومقاصد تلاوته وقراءته ومدارسته، وكان من سنته عليه الصلاة والسلام وهديه الشريف أن خص بعض السور والآيات بالقراءة والتلاوة على مسامع الصحابة في مواقف معينة يكررها المرة بعد المرة. | ||
| 630 | 2 | 7 |
_aالقرآن _xفضائل _2aucut |
| 630 | 2 | 7 |
_aالقرآن _xسور وآيات _2aucut |
| 730 | 2 | 2 | _aالقرآن |
| 942 |
_2ddc _cBOOK |
||
| 949 |
_aSA-JeALM _d241030 _ukhaled123 _n1 |
||
| 999 |
_c1922 _d1922 |
||